000 00349 a2200157 4500
003 Nust
005 20170207153531.0
040 _cNust
082 _a891.4391
100 _aIbn-e- Insha
245 _aKhumar-e-Ghundam
_cIbn-e-Insha
260 _aLahore
_bLahore Academy
300 _a302: p
538 _aAlmirah No.67, Shelf No.1
650 _aUrdu Novel
942 _2ddc
_cBK
999 _c187988
_d187988